• 首页
  • 本馆介绍
  • 公告通知
  • 最新文献
  • 馆藏检索
  • 电子资源
  • 读者导购
  • 参考咨询
  • 我的图书馆
  • 登录
  • 详细信息显示
  • 放入我的书架
  • 预约/预借图书
  • 作者相关作品
  • 分类相关作品
  • 丛书相关作品
  • 出版社相关作品

书目信息

  • 表格格式
  • 工作单格式
  • 卡片格式
题名:
国际贸易实务
    
 
作者: 崔日明 , 王海兰 编著
分册:  
出版信息: 北京   机械工业出版社  2010
页数: 360页
开本: 24cm
丛书名:
单 册:
中图分类: F740.4
科图分类:
主题词: 国际贸易--贸易实务--高等学校--教材 , 国际贸易 , 贸易实务
电子资源:
ISBN: 978-7-111-28131-3
000 01110nam0 2200289 45
001 1050897250
005 20100415170525.21
010    @a978-7-111-28131-3@dCNY39.00
100    @a20100408d2010 em y0chiy50 ea
101 0  @achi
102    @aCN@b110000
105    @ay z 000yy
106    @ar
200 1  @a国际贸易实务@AGuo Ji Mao Yi Shi Wu@f崔日明,王海兰编著@FCui Ri Ming, Wang Hai Lan Bian Zhu
205    @a2版
210    @a北京@c机械工业出版社@d2010
215    @a360页@d24cm
300    @a普通高等教育“十一五”国家级规划教材 普通高等教育国际经济与贸易专业规划教材
330    @a本书全面阐述了国际贸易的整个业务过程。包括国际贸易合同及其商订;商品的名称、品质、数量和包装;国际贸易术语与商品的价格;国际货物运输;国际货物运输保险;货款的支付;商品检验与通关业务;索赔、不可抗力和仲裁等内容。
606 0  @a国际贸易@x贸易实务@x高等学校@j教材
606 0  @a国际贸易
606 0  @a贸易实务
690    @aF740.4@v4
701  0 @a崔日明@ACui Ri Ming@f(1963~)@4编著
701  0 @a王海兰@AWang Hai Lan@c(女,@f1973~)@4编著
801  0 @aCN@bTANGWEI@c20100415
905    @b0591534-37@dF740.4@e119=2@f4
    
    国际贸易实务/崔日明,王海兰编著.-2版.-北京:机械工业出版社,2010
    360页;24cm
    普通高等教育“十一五”国家级规划教材 普通高等教育国际经济与贸易专业规划教材
    
    ISBN 978-7-111-28131-3:CNY39.00
    本书全面阐述了国际贸易的整个业务过程。包括国际贸易合同及其商订;商品的名称、品质、数量和包装;国际贸易术语与商品的价格;国际货物运输;国际货物运输保险;货款的支付;商品检验与通关业务;索赔、不可抗力和仲裁等内容。
●
相关链接 在E读中查询图书 在五车中查询图书 在当当中查询图书 在豆瓣中查询图书


正题名:国际贸易实务     索取号:F740.4/119=2         预约/预借

序号 登录号 条形码 馆藏地/架位号 状态 备注
1 0591534   205915349   第一样本阅览室/ [索取号:F740.4/119=2] 在馆    
2 0591535   205915358   密集书库-海洋学院/ [索取号:F740.4/119=2] 在馆    
3 0591536   205915367   第一借阅区/ [索取号:F740.4/119=2] 在馆    
4 0591537   205915376   第一借阅区/ [索取号:F740.4/119=2] 在馆    
唐山师范学院图书馆 欢迎您!
大连网信软件有限公司© 版权所有